| 000 | 004100000a22001570004500 | ||
|---|---|---|---|
| 020 | _a84-7530-462-1 | ||
| 041 | 0 | _aSPA | |
| 082 | 0 | 4 | _aG 823.91 G6192o |
| 100 | 1 | _aGolding, William (1911-) | |
| 245 | 1 | 0 | _aLa oscuridad visible / William Golding ; Eduardo Goligorsky, Traductor |
| 260 | _aMadrid : Orbis | ||
| 300 | _a329 Pag | ||
| 500 | _aTÃtulo original : Darkness visible | ||
| 001 | 13236 | ||
| 942 | _cBK | ||
| 999 |
_c42223 _d42223 |
||